Statistics for Phoenix Suns 2020's Starters

Click here to take the quiz!

General Stats

  • This quiz has been taken 155 times
    (31 since last reset)
  • The average score is 9 of 13

Answer Stats

PlayerStarts% Correct
Devin Booker5
100%
Kevin Durant1
100%
Bradley Beal1
96%
Chris Paul3
96%
Deandre Ayton4
96%
Jusuf Nurkić1
89%
Mikal Bridges3
89%
Grayson Allen1
81%
Jae Crowder2
70%
Ricky Rubio1
33%
Torrey Craig1
22%
Kelly Oubre Jr.1
19%
Dario Šarić1
11%

Score Distribution

Percentile by Number Answered

Percent of People with Each Score

Your Score History

You have not taken this quiz since the last reset